|
|
|
|
| LEADER |
01373cam a2200361Ia 4500 |
| 001 |
9780203039847 |
| 003 |
FlBoTFG |
| 005 |
20091230162919.0 |
| 006 |
a|||||s||||||||||| |
| 007 |
cr|||| |
| 008 |
900313s1990 enkab sb 001 0 eng d |
| 020 |
|
|
|a 9780203039847 (e-book : PDF)
|
| 040 |
|
|
|a FlBoTFG
|c FlBoTFG
|d GrThAP
|
| 043 |
|
|
|a e-uk-en
|
| 090 |
|
|
|a DA130
|b .H56 1990
|
| 092 |
|
|
|a 942
|b H666
|
| 100 |
1 |
|
|a Hinton, David Alban.
|
| 245 |
1 |
0 |
|a Archaeology, economy, and society
|h [electronic resource] :
|b England from the fifth to the fifteenth century /
|c David A. Hinton.
|
| 260 |
|
|
|a London :
|b Seaby ;
|a Braintree, Essex :
|b Distributed by B.T. Batsford,
|c 1990.
|
| 300 |
|
|
|a viii, 245 p. :
|b ill., maps.
|
| 500 |
|
|
|a Includes index.
|
| 504 |
|
|
|a Includes bibliographical references (p. 214-238).
|
| 530 |
|
|
|a Also available in print edition.
|b CRC Press (http://www.crcpress.com)
|
| 538 |
|
|
|a Mode of access: World Wide Web.
|
| 650 |
|
0 |
|a Excavations (Archaeology)
|z England.
|
| 650 |
|
0 |
|a Archaeology, Medieval.
|
| 651 |
|
0 |
|a England
|x Economic conditions
|y 1066-1485.
|
| 651 |
|
0 |
|a England
|x Social conditions
|y 1066-1485.
|
| 651 |
|
0 |
|a England
|x Social conditions
|y To 1066.
|
| 651 |
|
0 |
|a England
|x Antiquities.
|
| 655 |
|
7 |
|a Electronic books.
|2 lcsh
|
| 776 |
1 |
|
|z 9780415188487
|
| 856 |
4 |
0 |
|u http://www.tandfebooks.com/isbn/9780203039847
|z Full Text via HEAL-Link
|